The travels of Marco Polo (Record no. 21808)

MARC details
000 -LEADER
fixed length control field 00635nam a2200229 i 4500
001 - CONTROL NUMBER
control field C2-0098320
003 - CONTROL NUMBER IDENTIFIER
control field PPAK
005 - DATE AND TIME OF LATEST TRANSACTION
control field 20180727094432.0
008 - FIXED-LENGTH DATA ELEMENTS--GENERAL INFORMATION
fixed length control field 970526s19 xxua|||| ||||| | eng d
040 ## - CATALOGING SOURCE
Original cataloging agency PPAK
Language of cataloging eng
Transcribing agency PPAK
Description conventions rda
082 04 - DEWEY DECIMAL CLASSIFICATION NUMBER
Classification number 915.042
Edition number 23
090 00 - LOCALLY ASSIGNED LC-TYPE CALL NUMBER (OCLC); LOCAL CALL NUMBER (RLIN)
Classification number (OCLC) (R) ; Classification number, CALL (RLIN) (NR) 915.042
Feature heading TRA
Feature heading G
Classification number (OCLC) (R) ; Classification number, CALL (RLIN) (NR) 915.042
Feature heading TRA
Feature heading R
245 04 - TITLE STATEMENT
Title The travels of Marco Polo
264 #1 - PRODUCTION, PUBLICATION, DISTRIBUTION, MANUFACTURE, AND COPYRIGHT NOTICE
Place of production, publication, distribution, manufacture [United States] :
Name of producer, publisher, distributor, manufacturer The Programmed Classics ,
Date of production, publication, distribution, manufacture, or copyright notice [19?]
300 ## - PHYSICAL DESCRIPTION
Extent 344 pages :
Other physical details illustrations ;
Dimensions 22 cm
336 ## - CONTENT TYPE
Source rdacontent
Content type term text
337 ## - MEDIA TYPE
Source rdamedia
Media type term unmediated
338 ## - CARRIER TYPE
Source rdacarrier
Carrier type term volume
650 10 - SUBJECT ADDED ENTRY--TOPICAL TERM
Topical term or geographic name entry element Voyages and travels
942 ## - ADDED ENTRY ELEMENTS (KOHA)
-- dc
Koha item type Book
Holdings
Withdrawn Not for loan Current library Shelving location Date acquired Full call number Barcode Date last seen Koha item type Total Checkouts Checked out Date last checked out
  Not For Loan Perpustakaan Alor Setar Rujukan Dewasa 20/07/1998 R 915.042 TRA A00110335 08/05/2018 Book      
    Perpustakaan Alor Setar Pinjaman Dewasa 03/09/1997 915.042 TRA A00056853 13/06/2022 Book 1 04/07/2022 13/06/2022
  Not For Loan Perpustakaan Jitra Rujukan Dewasa 25/04/2004 R 915.042 TRA A00849188 08/05/2018 Book      
  Not For Loan Perpustakaan Kulim Rujukan Dewasa 08/04/2004 R 915.042 TRA A00344674 08/05/2018 Book      
  Not For Loan Perpustakaan Yan Rujukan Dewasa 08/04/2004 R 915.042 TRA A00163123 18/11/2021 Book